| 000 | 00898nam a2200253 i 4500 | ||
|---|---|---|---|
| 001 | 1615 | ||
| 003 | KOSZ 005 | ||
| 005 | 20190719141013.0 | ||
| 008 | 950505s1980 pl a f |000 0 pol | ||
| 040 |
_cBPK _dKOSZ 005/EG |
||
| 041 | _apol | ||
| 046 | _k1980 | ||
| 080 | _a51 | ||
| 080 | _a(075.8) | ||
| 245 | 1 | 0 |
_aMatematyka dla wydziałów budowlanych i mechanicznych. _nT.2 / _cpod red. Edwarda Otto ; oprac. zespół A. Hać, T. Kornatowski, E. Otto, W. Stankiewicz, B. Wieprzkowicz, J. Wojtowicz. |
| 250 | _aWyd.3 zm. | ||
| 260 |
_aWarszawa : _bPWN, _c1980. |
||
| 650 | 4 |
_aMatematyka _xszkoły wyższe. |
|
| 655 | 4 | _aPodręczniki akademickie | |
| 700 | 1 |
_aHać, Aleksander _eOpracowanie |
|
| 700 | 1 |
_aOtto, Edward _d(1908-1986) _eRedakcja |
|
| 856 |
_uhttp://koha.tu.koszalin.pl/cgi-bin/koha/opac-detail.pl?biblionumber=1615 _yKatalog online BPK |
||
| 942 |
_cKS _2UKD |
||
| 999 |
_c1615 _d1615 |
||